| 000 | 02018cam a2200601 i 4500 | ||
|---|---|---|---|
| 001 | 28474 | ||
| 003 | KOSZ 005 | ||
| 005 | 20240611082135.0 | ||
| 008 | 240607s1988 pl a g 000 0 pol | ||
| 015 | _aUWD 1988/5051 | ||
| 020 | _a8303020382 | ||
| 035 | _a991003112159705066 | ||
| 035 | _a(PL-WaBN)b10839215-48omnis_nlop | ||
| 035 | _ab10839215 | ||
| 035 | _a(OCoLC)834938935 | ||
| 035 | _a(PL)b0000001083921 | ||
| 035 | _a(EXLNZ-48OMNIS_NETWORK)9910347820305606 | ||
| 040 |
_aWA N _cWA N _dKOSZ 005/RW |
||
| 045 |
_bd0963 _bd1157 |
||
| 046 | _k1988 | ||
| 080 | _a94(438).02 | ||
| 100 | 1 |
_aOlejnik, Karol _d(1938- ) _eAutor |
|
| 245 | 1 | 0 |
_aCedynia, Niemcza, Głogów, Krzyszków / _cKarol Olejnik. |
| 250 | _aWydanie I. | ||
| 260 |
_aKraków : _bKrajowa Agencja Wydawnicza, _c1988. |
||
| 300 |
_a79, [1] stron : _bfotografie, mapy, plany, rysunki ; _c27 cm. |
||
| 336 |
_aTekst _btxt _2rdacontent |
||
| 337 |
_aBez urządzenia pośredniczącego _bn _2rdamedia |
||
| 338 |
_aWolumin _bnc _2rdacarrier |
||
| 380 | _aKsiążki | ||
| 380 | _aPublikacje popularnonaukowe | ||
| 388 | 1 | _a1901-2000 | |
| 388 | 1 | _a1945-1989 | |
| 490 | 1 |
_aDzieje Narodu i Państwa Polskiego ; _vt. I-4 |
|
| 500 | _aOpis wg okładki | ||
| 504 | _aWskazówki bibliograficzne na stronie [80]. | ||
| 648 | 7 |
_a 901-1000 _2DBN |
|
| 648 | 7 |
_a1001-1100 _2DBN |
|
| 648 | 7 |
_a1101-1200 _2DBN |
|
| 650 | 7 | _aBitwa pod Cedynią (972) | |
| 650 | 7 | _aObrona Głogowa (1109) | |
| 650 | 7 | _aSztuka wojenna | |
| 650 | 7 | _aWojna polsko-niemiecka (1109) | |
| 650 | 7 | _aWojsko | |
| 651 | 7 |
_aPolska _2DBN |
|
| 655 | 7 |
_aWydawnictwa popularne _2DBN |
|
| 658 | _aHistoria | ||
| 710 | 2 |
_aKrajowa Agencja Wydawnicza _4pbl |
|
| 830 | 0 |
_aDzieje Narodu i Państwa Polskiego _vI-4 |
|
| 856 |
_uhttp://koha.tu.koszalin.pl/cgi-bin/koha/opac-detail.pl?biblionumber=28474 _yKatalog online BPK |
||
| 942 |
_2UKD _cKS |
||
| 999 |
_c28474 _d28474 |
||